banner koha

Estimativas de parâmetros genéticos de caracteres relacionados ao vigor de estcas em Lippia alba (Registro n. 225046)

MARC details
000 -LÍDER
campo de controle de tamanho fixo 01095nas a2200361 4500
001 - NÚMERO DE CONTROLE
campo de controle BR2013000096
003 - IDENTIFICADOR DO NÚMERO DE CONTROLE
campo de controle BR-BrBNA
005 - DATA E HORÁRIO DA ÚLTIMA TRANSAÇÃO
campo de controle 20231205121740.0
007 - CAMPO FIXO DE DESCRIÇÃO FÍSICA--INFORMAÇÃO GERAL
campo de controle de tamanho fixo ta
008 - CAMPO DE DADOS FIXOS--INFORMAÇÃO GERAL
campo de controle de tamanho fixo 230509b bl.|||p| |||| 00| 00por d
040 ## - FONTE DA CATALOGAÇÃO
Instituição da catalogação original BR-BrBNA
Idioma da catalogação por
Instituição que transcreveu o registro Biblioteca Nacional de Agricultura
041 ## - CÓDIGO DE IDIOMA
Código do idioma do texto/trilha sonora ou título diferente (Pt)
072 ## - CÓDIGO DE CATEGORIA DE ASSUNTO
Código de Categoria de Assunto F30
100 1# - ENTRADA PRINCIPAL--NOME PESSOAL
Nome pessoal Rufino, E.R.
100 1# - ENTRADA PRINCIPAL--NOME PESSOAL
Nome pessoal Siqueira, W.J.
100 1# - ENTRADA PRINCIPAL--NOME PESSOAL
Nome pessoal Marques, M.O.M.
100 1# - ENTRADA PRINCIPAL--NOME PESSOAL
Nome pessoal Colombo, C.A.
100 1# - ENTRADA PRINCIPAL--NOME PESSOAL
Nome pessoal Chiorato, A.F.
100 1# - ENTRADA PRINCIPAL--NOME PESSOAL
Nome pessoal Azevedo Filho, J.A.
100 1# - ENTRADA PRINCIPAL--NOME PESSOAL
Nome pessoal Lourenção, A.L.
100 1# - ENTRADA PRINCIPAL--NOME PESSOAL
Nome pessoal Yamamoto, P.Y.
100 1# - ENTRADA PRINCIPAL--NOME PESSOAL
Nome pessoal Martins, A.L.M.
245 1# - TÍTULO
Título Estimativas de parâmetros genéticos de caracteres relacionados ao vigor de estcas em Lippia alba
650 ## - ASSUNTO--TERMO TÓPICO
Cabeçalho tópico ou nome geográfico ERVA CIDREIRA
650 ## - ASSUNTO--TERMO TÓPICO
Cabeçalho tópico ou nome geográfico LIPPIA ALBA
650 ## - ASSUNTO--TERMO TÓPICO
Cabeçalho tópico ou nome geográfico MELHORAMENTO GENÉTICO VEGETAL
650 ## - ASSUNTO--TERMO TÓPICO
Cabeçalho tópico ou nome geográfico PLANTA MEDICINAL
650 ## - ASSUNTO--TERMO TÓPICO
Cabeçalho tópico ou nome geográfico PARÂMETRO GENÉTICO
650 ## - ASSUNTO--TERMO TÓPICO
Cabeçalho tópico ou nome geográfico VARIAÇÃO GENÉTICA
773 0# - ENTRADA ANALÍTICA
Título Bragantia (Brazil)
ISSN - International Standard Serial Number ISSN 0006-8705
Partes relacionadas Oct-Dec (2010), v. 69(4) p. 779-785
Número de controle do registro BR2013000096
909 ## -
-- 202311
-- Lúcia
-- 55
-- Lúcia Elande
942 ## - ELEMENTOS DE ENTRADA ADICIONADOS (KOHA)
Fonte da classificação ou esquema de arquivamento na estante Classificação AGRIS
Ocultar no OPAC Não
Tipo de material Koha Analítica
Exemplares
Situação do descarte Fonte da classificação ou esquema de arquivamento na estante Situação física Não pode ser emprestado Biblioteca de origem Biblioteca atual Localização na estante Enumeração do periódico / cronologia Total de empréstimos Data de último acesso Número do exemplar Tipo de material Koha Fonte de aquisição
  Classificação AGRIS   Consulta local Biblioteca Nacional de Agricultura - Binagri Biblioteca Nacional de Agricultura - Binagri   Oct-Dec (2010), v. 69(4) p. 779-785   29/11/2023 01 Periódicos Portaria Interministerial nº 164/94

BINAGRI

Telefone: (61)3218-2567/2388/3357/2097 - binagri@agro.gov.br

Ministério da Agricultura e Pecuária , Esplanada dos Ministérios, Bloco D, Anexo B, Brasília/DF, CEP: 70.043-900